000 00326nam a2200145Ia 4500
100 _aBhor/Priyanka
650 _aCommunications
942 _cBK
245 _aBasics of Analog and digital communication system
260 _bNarosa
_c2009
082 _a621.382/BHO
_bBHO
300 _a289
546 _aENGLISH
999 _c32880
_d32880